LIBRARY & INFORMATION CENTRE, KCAET, TAVANUR

ONLINE PUBLIC ACCESS CATALOGUE (OPAC)

Cereal Grains Laboratory Reference nd Procedures Manual (Record no. 14389)

MARC details
000 -LEADER
fixed length control field 00485nam a22001697a 4500
003 - CONTROL NUMBER IDENTIFIER
control field OSt
008 - FIXED-LENGTH DATA ELEMENTS--GENERAL INFORMATION
fixed length control field 240215b |||||||| |||| 00| 0 eng d
020 ## - INTERNATIONAL STANDARD BOOK NUMBER
ISBN 9781439855652
041 ## - LANGUAGE CODE
Language code of text/sound track or separate title eng
082 ## - DEWEY DECIMAL CLASSIFICATION NUMBER
Classification number 633.1
Item number SER/CE
100 ## - MAIN ENTRY--AUTHOR NAME
Personal name Serna - Saldivar, Sergio,O.
245 ## - TITLE STATEMENT
Title Cereal Grains Laboratory Reference nd Procedures Manual
260 ## - PUBLICATION, DISTRIBUTION, ETC. (IMPRINT)
Place of publication New Delhi
Name of publisher CRC Press,Taylor and Francis Group
Year of publication 2012
300 ## - PHYSICAL DESCRIPTION
Number of Pages 368
490 ## - SERIES STATEMENT
Series statement Food Preservation Technology series
942 ## - ADDED ENTRY ELEMENTS (KOHA)
Koha item type Books
Holdings
Withdrawn status Lost status Damaged status Collection code Home library Current library Shelving location Date acquired Source of acquisition Cost, normal purchase price Full call number Accession Number Koha item type
      Non-fiction KAUAET KAUAET General Stacks 27/06/2016 Cosmo Book House, Thrissur. 3466.21 633.1 SER/CE 23976 Books
free website counter